Movilidad social y trayectorias ocupacionales en Buenos Aires: continuidades, rupturas y paradojas /
Guardat en:
| Autor principal: | |
|---|---|
| Altres autors: | |
| Format: | Text |
| Etiquetes: |
Afegir etiqueta
Sense etiquetes, Sigues el primer a etiquetar aquest registre!
|
MARC
| LEADER | 00000 a a2200000 04500 | ||
|---|---|---|---|
| 001 | 47251 | ||
| 003 | |||
| 040 | |||
| 100 | |a Kessler, Gabriel | ||
| 245 | |a Movilidad social y trayectorias ocupacionales en Buenos Aires: |b continuidades, rupturas y paradojas / |c Gabriela Kessler, Vicente Espinoza | ||
| 700 | |a Espinoza, Vicente | ||
| 773 | |g páginas 259-301 | ||
| 999 | |c 33620 |d 33620 | ||
